000 00843nam a2200253 a 4500
001 000013636
005 20200929163308.0
008 091126s1998 mx 000 f spa d
020 _a9701810694
040 _aDO-SdBNP
_bspa
_cBNPHU
082 _a823.8
_bS847ó
100 1 _aStevenson, Robert Louis,
_d1850-1894
_91070
245 1 0 _aOlalla /
_cRobert Louis Stevenson ; traducción de Alfonso Reyes ; presentación de Héctor Orestes Aguilar.
260 _aMéxico :
_bConsejo Nacional para la Cultura y las Artes,
_c1998.
300 _a60 p. ;
_c21 cm.
490 1 _aClásicos para hoy
_v25
650 4 _aNovela inglesa
_91071
650 4 _aLiteratura inglesa
_9498
700 1 _aReyes, Alfonso,
_etr.
_912593
700 1 _aOrestes Aguilar, Héctor
_931048
830 0 _aClásicos para hoy ;
_v25
_928953
910 _aWM
049 _aBNGR
999 _c13250
_d13250